| 000 | 00534nam a2200181Ia 4500 | ||
|---|---|---|---|
| 999 |
_c28988 _d28988 |
||
| 003 | OSt | ||
| 005 | 20210111111503.0 | ||
| 008 | 190216s9999||||xx |||||||||||||| ||und|| | ||
| 020 | _a9788182641983 | ||
| 040 | _coclc | ||
| 082 |
_a894.8122 _bRAY/O |
||
| 100 |
_aRay, Satyajith _97217 |
||
| 245 | 0 |
_aOru Kathayum Thirakathayum / _cSatyajith Ray |
|
| 260 |
_bMathrubhumi Printing & Publishing, _aKozhikode: _c2006. |
||
| 300 | _a132p | ||
| 650 | _aNadakam | ||
| 942 |
_cBK _2ddc _h894.8122 _iRAY/O _k894.8122 _mRAY/O |
||